000 00542nam a2200193Ia 4500
001 57189
008 131121n2004 ii |||gr||||Z||||||465
020 _a81-7151-090-6
082 _a953
245 0 _aConcise History of Muslim World :
_bVol- 1 /
_cRafi Ahmad Fidai .
_hTextual Documents
250 _aIst ed.
260 _aAssam
_bKitab Bhawan
_c2004
300 _a238pg:
_c23cm.
653 _aIslamic Studies
653 _aHistory- Islamic
653 _aDeptt- Islamic Studies
700 _aFidai, Rafi Ahmad ,
_eAuthor.
942 _2ddc
_cBK
999 _c57103
_d57103